Η περιφερειακή πολιτική της ΕΟΚ και των χωρών - μελών της
Αποθηκεύτηκε σε:
| Κύριος συγγραφέας: | |
|---|---|
| Άλλοι συγγραφείς: | , , |
| Μορφή: | Βιβλίο |
| Γλώσσα: | Greek |
| Δημοσίευση: |
Αθήνα :
Παπαζήσης,
1984.
|
| Έκδοση: | 2η έκδ. |
| Θέματα: | |
| Ετικέτες: |
Προσθήκη ετικέτας
Δεν υπάρχουν, Καταχωρήστε ετικέτα πρώτοι!
|
MARC
| LEADER | 00000cam a2200000 i 4500 | ||
|---|---|---|---|
| 001 | 1/55452 | ||
| 008 | 950913s1984 gr | || |||| ||gre|| | ||
| 035 | |l 10027852 | ||
| 040 | |a GR-MyUa |b gre |e AACR2 | ||
| 041 | 0 | |a gre | |
| 082 | 7 | |a 337.142 |2 (22) | |
| 100 | 1 | |a Vanhove, Norbert. | |
| 245 | 1 | 2 | |a Η περιφερειακή πολιτική της ΕΟΚ και των χωρών - μελών της / |c Norbert Vanhove, Leo Klaassen. |
| 250 | |a 2η έκδ. | ||
| 260 | |a Αθήνα : |b Παπαζήσης, |c 1984. | ||
| 300 | |a 478 σ. : |b πίν. ; |c 23 εκ. | ||
| 504 | |a Περιλαμβάνει βιλιογραφία. | ||
| 650 | 0 | |a Regional planning |z European Economic Community countries. | |
| 650 | 0 | |a Regional economics. | |
| 650 | 0 | |a Regionalism |z European Economic Community countries. | |
| 651 | 0 | |a European Economic Community countries |x Economic conditions. | |
| 700 | 1 | |a Klaassen, Leo Hendrick. | |
| 700 | 0 | |a Διαμαντόπουλος, Φ. |e trl | |
| 700 | 1 | |a Κόνσολας, Νικόλαος Ι., |d 1932- |e edt | |
| 852 | |a INST |b CHIOS |e 19950913 |h 337.142 VAN |p 005200005634 |q 005200005634 |t BK |y 0 | ||
| 852 | |a INST |b CHIOS |e 19960516 |h 337.142 VAN |p 005200008314 |q 005200008314 |t BK |y 0 | ||
| 852 | |a INST |b LESVOS |e 19980522 |h 337.142 VAN |p 005100013938 |q 005100013938 |t BK |y 0 | ||
| 901 | |a BIBL-1998-2 | ||
| 922 | |a 1ΕΛΗ |b 199805 |c ΚΠΣ/ΤΓ |d EMVASIS | ||
| 950 | |a 118-1998-03-23 | ||